000 01036cas a22002295 4500
001 L152469
008 110310c2011 xxuqr ws s 0 a0eng u
035 _a(Sirsi) u152469
041 0 _aeng
050 _a333.33 $2 18
110 2 _aNational Association of Realtors
_9895
245 0 0 _aCommercial Real Estate Quarterly Market Survey
_h[electronic resource]
260 _aWashington
_bNAR
_c 2011-
362 0 _aCurrent quarterly issue only
490 0 _aCommercial Real Estate Quarterly Market Survey
_vJanuary 2011-
520 _aA new quarterly project that measures activity in the US commercial real estate markets providing an overview of the market performance, sales and rental transactions, current economic challenges and future expectations.
554 _aFour per year
651 4 _aUnited States
_y1959-
690 _aPROPERTY-COMMERCIAL PROPERTY-COMMERCIAL PROPERTY MARKET
856 4 0 _uhttps://www.realtor.org/research/research/cre_market_survey
_zView the survey free of charge at www.realtor.org
942 _n0
999 _c119311
_d119311